| 000 | 00846nam a2200241 4500 | ||
|---|---|---|---|
| 003 | OSt | ||
| 005 | 20221117150527.0 | ||
| 008 | 221117b |||||||| |||| 00| 0 eng d | ||
| 020 | _a978 85 99501 09 2 | ||
| 040 | _cBiblioteca Lado V | ||
| 082 |
_a700.74 _bM849f |
||
| 100 |
_aMorgan, Robert C. _9456 _eautor |
||
| 245 |
_aFrancisco Matto/ _b6 Bienal do Mercosul/ |
||
| 260 |
_aBrasil _bFundación Bienal de Mercosul _c2007 |
||
| 300 |
_a221p. _c18x21xcm _bill |
||
| 650 |
_2Tesauro de Arte & Arquitectura _aARTE CONTEMPORANEO |
||
| 650 |
_2Tesauro de Arte & Arquitectura _aPAISAJE |
||
| 650 |
_2Tesauro de Arte & Arquitectura _aARTE VISUAL |
||
| 650 |
_2Tesauro de Arte & Arquitectura _aBIENAL |
||
| 650 |
_2Bienal do Mercosul _aBRASIL |
||
| 700 |
_aPerez-Barreiro, Gabriel _eautor _9454 |
||
| 942 |
_2ddc _c1 _h700.74 _iM849f |
||
| 999 |
_c2677 _d2677 |
||